000 00772nam a2200217 i 4500
001 166900
003 ES-MaACL
005 20231223063113.0
008 990528s1875 sp |||| | spa d
080 _a821.134.2-31"18"
100 1 _aValera, Juan,
_d1824-1905
_9112638
245 1 4 _aLas ilusiones del doctor Faustino /
_cJuan Valera.
260 _aMadrid :
_b[s.n.],
_c1875 (
_fImp. de J. Noguera, a cargo de M. Martínez)
300 _a576 p. ;
_c18 cm.
530 _aDisponible en formato digital.
597 _aAntep.
700 1 _aNoguera, José.
_9130510
852 _x
_aBA
_jR-2265
_z- Enc. hol.
_x- Olim: D-320
856 _uhttp://bdh-rd.bne.es/viewer.vm?id=0000185596&page=1
_zBiblioteca Digital Hispánica
999 _c166900
_d166900